000 00867nab a2200265 4500
003 BR-BrBNA
005 20251031213417.0
008 251031b bl.||||| |||| 00| 0 por d
040 _aBR-BrBNA
_bpor
072 _aF01 ; Q02 ; E70 ; E71 ; E73 ; P01
_b1060 ; 9143
100 _aPontes, Alécia
245 _aA laranja que o mundo quer
_bAgrotecnologia
500 _a2 illus.
650 _aLARANJA
650 _aSUCO DE LARANJA
650 _aCERTIFICAÇÃO
650 _aSELO DE ORIGEM
650 _aCONSUMIDOR
650 _aAGREGAÇÃO DE VALOR
650 _aEXPORTAÇÃO
650 _aSUSTENTABILIDADE
773 0 _01706
_9347998
_dSão Paulo-SP Editora Três Ltda - E-mail: luizfsa@revistadinheiro.com.br 2004
_o2025-0493
_tDinheiro Rural (Brazil)
_x1807-3700
_gv. 8(89) p. 34-35; (Mar 2012)
_wBR2025004624
942 _cANA
999 _c338913
_d338913